<?xml version="1.0" encoding="UTF-8"?>
<record
    xmlns:xsi="http://www.w3.org/2001/XMLSchema-instance"
    xsi:schemaLocation="http://www.loc.gov/MARC21/slim http://www.loc.gov/standards/marcxml/schema/MARC21slim.xsd"
    xmlns="http://www.loc.gov/MARC21/slim">

  <leader>02147agaaa2200337   4500</leader>
  <controlfield tag="001">0464</controlfield>
  <controlfield tag="003">IT-RoPAU</controlfield>
  <controlfield tag="005">20220918181229.0</controlfield>
  <controlfield tag="007">d cvaizq</controlfield>
  <controlfield tag="008">50131s9999||||xx ||| |     ||   ||und||</controlfield>
  <datafield tag="040" ind1=" " ind2=" ">
    <subfield code="a">IT-RoPAU</subfield>
    <subfield code="c">IT-RoPAU</subfield>
  </datafield>
  <datafield tag="041" ind1=" " ind2=" ">
    <subfield code="a">SPAGNOLO </subfield>
  </datafield>
  <datafield tag="100" ind1=" " ind2=" ">
    <subfield code="a">Saura Carlos</subfield>
    <subfield code="g">Codice regista SPICS: 1638</subfield>
    <subfield code="9">39612</subfield>
  </datafield>
  <datafield tag="130" ind1=" " ind2=" ">
    <subfield code="a">NOZZE DI SANGUE </subfield>
    <subfield code="9">39613</subfield>
  </datafield>
  <datafield tag="240" ind1=" " ind2=" ">
    <subfield code="a">BODAS DE SANGRE </subfield>
    <subfield code="g">T3875</subfield>
  </datafield>
  <datafield tag="245" ind1=" " ind2=" ">
    <subfield code="a">NOZZE DI SANGUE </subfield>
    <subfield code="c">Prodotto da: Piedra Emiliano -- Sceneggiatura: Artero Antonio Gades Antonio Saura Carlos -- Diretto da: Saura Carlos</subfield>
    <subfield code="p">NOZZE DI SANGUE (Rif. Codice opera principale : K0464)</subfield>
  </datafield>
  <datafield tag="246" ind1=" " ind2=" ">
    <subfield code="a">BODAS DE SANGRE </subfield>
  </datafield>
  <datafield tag="250" ind1=" " ind2=" ">
    <subfield code="a">Edizione Standard</subfield>
  </datafield>
  <datafield tag="260" ind1=" " ind2=" ">
    <subfield code="a">(SPAGNA - FRANCIA )</subfield>
    <subfield code="b">N.d. / Distribuzione: MULTIMEDIA SAN PAOLO</subfield>
    <subfield code="g">"1981 (1&#xB0; ed.: 2010 ; Ed. Lingua Orig.: 1981)"</subfield>
  </datafield>
  <datafield tag="300" ind1=" " ind2=" ">
    <subfield code="a">DVD</subfield>
    <subfield code="b">sonoro, col.</subfield>
    <subfield code="c">72 minuti</subfield>
  </datafield>
  <datafield tag="508" ind1=" " ind2=" ">
    <subfield code="a">"Fotografia: Escamilla Teodoro ; Montaggio: Gonzales Del Amo Pab; Musica: De Diego Emilio; Sceneggiatura: Artero Antonio Gades Antonio Saura Carlos ; "</subfield>
  </datafield>
  <datafield tag="511" ind1=" " ind2=" ">
    <subfield code="a">"Hoyos Cristina; Gades Antonio; Jimenez Juan; Antonio; Cardenas Pilar; Villena Carmen; "</subfield>
  </datafield>
  <datafield tag="520" ind1=" " ind2=" ">
    <subfield code="a">"NELLA CASA DI LEONARDO, AMICO E RIVALE DELLO SPOSO, LA MOGLIE DAVANTI ALLA CULLA DEL FIGLIO DANZA PER LUI, MA L'UOMO E' IRRITATO E ASSENTE. RIMASTO SOLO, VANEGGIA E MIMA UN SOGNO, NEL QUALE GLI PARE DI DANZARE CON LA SPOSA UN BALLO LIRICAMENTE INTENSO; POI LA VISIONE SCOMPARE. NELLA CASA DEGLI SPOSI IL GIORNO DELLA FESTA, DOPO UN PASO DOBLE, LEONARDO RIESCE A DANZARE CON LA SPOSA MA LA MOGLIE, GELOSA, LI SEPARA TUTTAVIA EGLI RAPISCE LA SPOSA. NELL'EPISODIO CONCLUSIVO, PRESENTI LA SPOSA, LA MOGLIE DI LEONARDO, TUTTI GLI INVITATI ALLE NOZZE, I DUE RIVALI SI AFFRONTANO IN DUELLO E SI UCCIDONO A VICENDA. "</subfield>
  </datafield>
  <datafield tag="538" ind1=" " ind2=" ">
    <subfield code="a">PAL, STEREO</subfield>
  </datafield>
  <datafield tag="546" ind1=" " ind2=" ">
    <subfield code="a">SPAGNOLO </subfield>
  </datafield>
  <datafield tag="650" ind1=" " ind2=" ">
    <subfield code="a">DRAMMATICO </subfield>
    <subfield code="e">DVD-FILM [DVD]</subfield>
    <subfield code="x">Codice MATERIA SPICS: 9947</subfield>
    <subfield code="9">39614</subfield>
  </datafield>
  <datafield tag="700" ind1=" " ind2=" ">
    <subfield code="a">De Diego Emilio</subfield>
    <subfield code="e">(musica)</subfield>
    <subfield code="g">Codice Musica SPICS: 29807</subfield>
    <subfield code="9">39615</subfield>
  </datafield>
  <datafield tag="700" ind1=" " ind2=" ">
    <subfield code="a">Garcia Lorca Federico </subfield>
    <subfield code="e">(soggetto)</subfield>
    <subfield code="g">Codice Soggetto SPICS: 4508</subfield>
    <subfield code="9">39616</subfield>
  </datafield>
  <datafield tag="700" ind1=" " ind2=" ">
    <subfield code="a">Saura Carlos </subfield>
    <subfield code="e">(regista)</subfield>
    <subfield code="g">Codice regista SPICS: 1638</subfield>
    <subfield code="9">39617</subfield>
  </datafield>
  <datafield tag="942" ind1=" " ind2=" ">
    <subfield code="c">DV</subfield>
    <subfield code="2">ddc</subfield>
  </datafield>
  <datafield tag="999" ind1=" " ind2=" ">
    <subfield code="c">105124</subfield>
    <subfield code="d">105124</subfield>
  </datafield>
  <datafield tag="952" ind1=" " ind2=" ">
    <subfield code="0">0</subfield>
    <subfield code="1">0</subfield>
    <subfield code="4">0</subfield>
    <subfield code="6">K_0464_000000000000000</subfield>
    <subfield code="7">1</subfield>
    <subfield code="a">SPICS</subfield>
    <subfield code="b">SPICS</subfield>
    <subfield code="d">2015-01-31</subfield>
    <subfield code="l">0</subfield>
    <subfield code="o">K0464</subfield>
    <subfield code="r">2015-01-31 00:00:00</subfield>
    <subfield code="w">2015-01-31</subfield>
    <subfield code="y">DV</subfield>
    <subfield code="z">Progr. Ins.: 3944 / N.Vol.:1 / Copie: 1 / Pag.:0 / Copia rara: n.d. / date import: 1.2.2015 / By Epidotti, Trombetti, Vaglietti</subfield>
  </datafield>
</record>
